| 000 | 00769nam a2200265 a 4500 | ||
|---|---|---|---|
| 001 | 31154 | ||
| 003 | BD-RjUL | ||
| 005 | 20211209051651.0 | ||
| 008 | 140413s1972 enka b 001 0 eng | ||
| 020 | _a071535566X | ||
| 035 | _a(BD-RjUL)31241 | ||
| 040 |
_aLC _beng _cLC _dSUSA _dBD-RjUL |
||
| 041 | _aeng | ||
| 082 | 1 | 4 |
_a291 _219 _bPYC 1972 |
| 100 | 1 |
_aPye, Michael. _994749 |
|
| 245 | 1 | 0 |
_aComparative religion : _ban introduction through source materials / _cMichael Pye. |
| 260 |
_aNewton Abbot : _bDavid and Charles, _c1972. |
||
| 300 |
_a248 p. : _bill. ; _c23 cm. |
||
| 500 | _aIncludes index. | ||
| 504 | _aBibliography: p. 234-241. | ||
| 650 | 0 |
_aReligious literature. _994750 |
|
| 650 | 0 |
_aReligions. _994751 |
|
| 942 |
_2ddc _cBK _04 |
||
| 999 |
_c31154 _d31154 |
||